Pays les plus densément peuplés - Statistiques

Statistiques générales
  • Ce quiz a été pris 53 fois
  • Le résultat moyen est 3 sur 7
Statistiques - réponses
Hint Réponse % Correct
464/ km2 Inde
92%
1 265/ km2 Bangladesh
54%
516/ km2 Corée du sud
48%
650/ km2 Taiwan
44%
376/ km2 Belgique
35%
423/ km2 Pays-Bas
35%
413/ km2 Haiti
13%
Aucun quiz correspondant
Distribution des résultats
% des personnes avec chaque résultat
Percentile par nombre de réponses
Votre historique - résultats
Vous n’avez pas pris ce quiz